000 00542nam a2200217Ia 4500
003 OSt
005 20220928151303.0
006 a|||||r|||| 00| 0
007 ta
008 220927b |||||||| |||| 00| 0 eng d
024 _a122698
037 _cTextual
040 _aSDCL
_cSDCL
_beng
041 _2eng
_aeng
082 _aO122vI, L6
100 _aRickard Peter
_9516939
245 0 _aChrestomathie de la langue francaise
260 _c1976
942 _hO122vI, L6
_cTEXL
_2CC
999 _c850953
_d850953